[Event "Aeroflot Open"]
[Site "Moscow RUS"]
[Date "2003.02.16"]
[Round "6"]
[White "Fressinet,L"]
[Black "Rublevsky,S"]
[Result "1/2-1/2"]
[WhiteElo "2593"]
[BlackElo "2644"]

1.e4 c5 2.Nf3 e6 3.d4 cxd4 4.Nxd4 Nc6 5.Nc3 a6 6.Be3 Nf6 7.Bd3 Qc7 8.O-O b5
9.Nxc6 Qxc6 10.a3 Bb7 11.Qe2 Be7 12.f4 O-O 13.e5 Nd5 14.Nxd5 Qxd5 15.Rad1 Qc6
16.f5 f6 17.c4 bxc4 18.Bxc4 Kh8 19.fxe6 dxe6 20.exf6 Rxf6 21.Rxf6 gxf6 22.Bf4 Rg8
23.Bg3 Rd8 24.Rxd8+ Bxd8 25.Kh1 Bb6 26.b3 Bd4 27.Bf4 e5 28.Bg3 a5 29.Bh4 f5
30.Qf3 Kg7  1/2-1/2

[Event "ch-RUS w 1st League"]
[Site "Serpukhov RUS"]
[Date "2003.02.22"]
[Round "3"]
[White "Pogonina,N"]
[Black "Vasilevich,I"]
[Result "1-0"]
[WhiteElo "2376"]
[BlackElo "2233"]

1.e4 c5 2.Nf3 e6 3.d4 cxd4 4.Nxd4 Nc6 5.Nc3 Qc7 6.Be3 a6 7.Bd3 Nf6 8.O-O Be7
9.f4 d6 10.Qf3 O-O 11.Rae1 b5 12.e5 Nxd4 13.Bxd4 Bb7 14.Qh3  1-0

[Event "Open"]
[Site "Cappelle la Grande FRA"]
[Date "2003.02.23"]
[Round "2"]
[White "Kovchan,A"]
[Black "Bellaiche,A"]
[Result "0-1"]
[WhiteElo "2536"]
[BlackElo "2427"]

1.e4 c5 2.Nf3 Nc6 3.d4 cxd4 4.Nxd4 e6 5.Nc3 Qc7 6.Be3 a6 7.Qd2 Nf6 8.f3 Bb4
9.O-O-O Ne5 10.Nb3 b5 11.Kb1 Be7 12.Qf2 d6 13.g4 h6 14.h4 Nfd7 15.Qg2 Bb7
16.g5 h5 17.Bd4 Rc8 18.a3 Nc5 19.Qg3 Na4 20.Rh2 O-O 21.Nxa4 bxa4 22.Nc1 Ng6
23.Nd3 Qb8 24.Ka1 e5 25.Be3 d5 26.Bh3 Rc4 27.exd5 Bd6 28.Nb4 e4 29.f4 Nxf4
30.Qe1 Bxb4 31.axb4 Nxd5 32.Rdd2 Nxe3 33.Qxe3 Rxb4 34.Rhe2 Qe5 35.Qc3 Qxc3
36.bxc3 Rc4 37.Re3 Rc7 38.Rd4 Bc6 39.Rc4 Rb8  0-1

[Event "4th ch-Asia"]
[Site "Doha QAT"]
[Date "2003.02.23"]
[Round "2"]
[White "Ghaem Maghami,E"]
[Black "Dao Thien Hai"]
[Result "1-0"]
[WhiteElo "2500"]
[BlackElo "2560"]

1.e4 c5 2.Nc3 Nc6 3.Nf3 e6 4.d4 cxd4 5.Nxd4 a6 6.Nxc6 bxc6 7.Bd3 d5 8.O-O Nf6
9.e5 Nd7 10.Re1 Qc7 11.Bf4 g6 12.Na4 f6 13.c4 fxe5 14.Qg4 Nf6 15.Qg5 exf4
16.Qxf6 Bg7 17.Rxe6+ Bxe6 18.Qxe6+ Kd8 19.cxd5 Re8 20.Nc5 Ra7 21.dxc6 Qe5
22.Qb3 Qxb2 23.Qd5+ Kc8 24.Bxa6+ Kb8 25.Qd6+ Rc7 26.Nd7+ Ka8 27.Qxc7 Qxa1+
28.Bf1  1-0

[Event "ch-CZE w"]
[Site "Lahucovice CZE"]
[Date "2003.02.23"]
[Round "4"]
[White "Jackova,J"]
[Black "Krupkova,P"]
[Result "1-0"]
[WhiteElo "2324"]
[BlackElo "2301"]

1.e4 c5 2.Nf3 Nc6 3.Nc3 e6 4.d4 cxd4 5.Nxd4 Qc7 6.Be3 a6 7.Bd3 Nf6 8.O-O h5
9.h3 Bd6 10.Be2 Bb4 11.Nxc6 dxc6 12.Qd3 e5 13.Na4 b5 14.Bb6 Qd6 15.Qe3 Nd7
16.c3 bxa4 17.Rfd1 Qb8 18.Rxd7 Bxd7 19.cxb4 f6 20.Bd1 Qb7 21.Bxa4 Rb8 22.Bc5 a5
23.bxa5 Qxb2 24.Rd1 Qxa2 25.Qd3 Be6 26.Bxc6+ Kf7 27.a6 Rhd8 28.Qxd8 Rxd8
29.Rxd8 Kg6 30.a7 Qa1+ 31.Kh2  1-0

[Event "Open"]
[Site "Cappelle la Grande FRA"]
[Date "2003.02.24"]
[Round "3"]
[White "Janotta,P"]
[Black "Geller,J"]
[Result "0-1"]
[WhiteElo "2134"]
[BlackElo "2448"]

1.e4 c5 2.Nf3 Nc6 3.d4 cxd4 4.Nxd4 e6 5.Nc3 Qc7 6.Be3 a6 7.Bd3 Nf6 8.O-O Be7
9.Kh1 d6 10.f4 b5 11.Nxc6 Qxc6 12.a3 Bb7 13.Qe2 Qc7 14.Bd4 h5 15.Rad1 h4
16.e5 h3 17.Rf2 hxg2+ 18.Kg1 dxe5 19.fxe5 Rd8 20.Be4 Nxe4 21.Nxe4 Rxd4 22.Rxd4 Qxe5  0-1

[Event "Open"]
[Site "Cappelle la Grande FRA"]
[Date "2003.02.24"]
[Round "3"]
[White "Draoui,N"]
[Black "Belov,Vl"]
[Result "0-1"]
[WhiteElo "2278"]
[BlackElo "2540"]

1.e4 c5 2.Nf3 e6 3.d4 cxd4 4.Nxd4 Nc6 5.Nc3 d6 6.Be3 a6 7.Be2 Nf6 8.O-O Be7
9.f4 O-O 10.a4 Qc7 11.Kh1 Re8 12.Nb3 b6 13.Bd3 Bb7 14.Nd2 Nb4 15.Nc4 d5 16.exd5 exd5
17.Nxb6 d4 18.Nxa8 Qc6 19.Qf3 Qxf3 20.gxf3 dxe3 21.Nb6 Bc6 22.Nc4 Nxd3 23.cxd3 e2
24.Nxe2  0-1

[Event "Open"]
[Site "Cappelle la Grande FRA"]
[Date "2003.02.24"]
[Round "4"]
[White "Geller,J"]
[Black "Ionov,S"]
[Result "1/2-1/2"]
[WhiteElo "2448"]
[BlackElo "2531"]

1.e4 c5 2.Nf3 e6 3.d4 cxd4 4.Nxd4 Nc6 5.Nc3 Qc7 6.Be2 a6 7.O-O Nf6 8.Be3 Be7
9.f4 d6 10.g4 h6 11.h3 Bd7 12.Kg2 b5 13.a3 Rc8 14.f5 Qb7 15.fxe6 fxe6 16.Bd3 O-O
17.Qe2 Ne5 18.g5 hxg5 19.Bxg5 Rf7 20.Nf3 Rcf8 21.Nxe5 dxe5 22.Bxf6 Rxf6 23.Rxf6 Rxf6
24.Rf1 Rg6+ 25.Kh1 Be8 26.Qf3 Qb6 27.Ne2 Rf6 28.Qg2 Qe3 29.Rxf6 Bxf6 30.Qg4 Kf7
31.Kg2 Bc6 32.Ng3 Qf4 33.Ne2 Qe3 34.Qh5+ Ke7 35.Qf3 Qg5+ 36.Qg3 Qxg3+ 37.Kxg3 Bg5
38.Kf3 Bd2 39.b4 Kf6 40.c3 Kg5 41.Bc2 Kh4 42.Kg2 g6 43.Bb1  1/2-1/2

[Event "ch-RUS w 1st League"]
[Site "Serpukhov RUS"]
[Date "2003.02.24"]
[Round "5"]
[White "Grunina,N"]
[Black "Yatneva,S"]
[Result "1-0"]
[WhiteElo "2116"]
[BlackElo "2230"]

1.e4 c5 2.Nf3 Nc6 3.Nc3 e6 4.d4 cxd4 5.Nxd4 Nge7 6.Ndb5 Ng6 7.Nd6+ Bxd6 8.Qxd6 Qe7
9.Qxe7+ Kxe7 10.b3 d6 11.Bb2 a6 12.a4 b6 13.O-O-O Bb7 14.Ba3 Rhd8 15.g3 Nce5
16.Bg2 Rac8 17.Kb2 f5 18.f4 Nf7 19.Rhe1 Kf6 20.e5+ dxe5 21.fxe5+ Ngxe5 22.Bxb7 Rc7
23.Rxd8 Nxd8 24.Bxa6 Nf3 25.Rd1 Nc6 26.Nb5 Rf7 27.Nd6  1-0

[Event "Open"]
[Site "Cappelle la Grande FRA"]
[Date "2003.02.25"]
[Round "5"]
[White "Areshchenko,A"]
[Black "Bellaiche,A"]
[Result "1-0"]
[WhiteElo "2566"]
[BlackElo "2427"]

1.e4 c5 2.Nf3 Nc6 3.d4 cxd4 4.Nxd4 e6 5.Nc3 Qc7 6.Be2 a6 7.O-O Nf6 8.Be3 d6
9.f4 Be7 10.Kh1 O-O 11.Qe1 Nxd4 12.Bxd4 b5 13.a3 Bb7 14.Qg3 Bc6 15.Rae1 Qb7
16.Bd3 b4 17.Nd1 g6 18.Nf2 bxa3 19.bxa3 Nh5 20.Qe3 f6 21.Bc4 Ng7 22.Rb1 Qc8
23.Ba2 Kh8 24.Ng4 e5 25.fxe5 dxe5 26.Nxe5 fxe5 27.Bxe5 Bb5 28.Qd4 Rg8 29.Rf7 Bf8
30.c4 Bc6 31.Rbf1 h6 32.Rxf8 Qxf8 33.Rxf8 Raxf8 34.h3 Be8 35.c5 Bf7 36.Bxf7 Rxf7
37.c6 Kh7 38.c7 Ne8 39.Qc4  1-0

[Event "Open"]
[Site "Cappelle la Grande FRA"]
[Date "2003.02.25"]
[Round "5"]
[White "Bobras,P"]
[Black "Schlosser,P"]
[Result "1/2-1/2"]
[WhiteElo "2441"]
[BlackElo "2534"]

1.e4 c5 2.Nf3 e6 3.d4 cxd4 4.Nxd4 Nc6 5.Nc3 a6 6.Be3 Qc7 7.Bd3 Nf6 8.O-O Bd6
9.f4 Bc5 10.Nf5 Bxe3+ 11.Nxe3 d6 12.Qe1 b5 13.a3 Rb8 14.Kh1 b4 15.axb4 Nxb4
16.Qg3 O-O 17.e5 dxe5 18.fxe5 Nd7 19.Bxh7+ Kxh7 20.Ne4 f6 21.Qh4+ Kg8 22.exf6 Nxf6
23.Nxf6+ gxf6 24.Rxf6 Rxf6 25.Qxf6 Qg7 26.Qd8+ Qf8 27.Qg5+ Qg7 28.Qd8+ Qf8  1/2-1/2

[Event "4th ch-Asia"]
[Site "Doha QAT"]
[Date "2003.02.25"]
[Round "4"]
[White "Zagrebelny,S"]
[Black "Al Modiahki,M"]
[Result "0-1"]
[WhiteElo "2540"]
[BlackElo "2571"]

1.e4 c5 2.Nf3 e6 3.d4 cxd4 4.Nxd4 Nc6 5.Nc3 Qc7 6.f4 a6 7.Nxc6 bxc6 8.Bd3 d5
9.O-O Bb7 10.Qe2 Be7 11.Bd2 Nf6 12.Rae1 Nd7 13.Qg4 g6 14.Kh1 dxe4 15.Nxe4 f5
16.Qh3 fxe4 17.Bxe4 O-O-O 18.Bc3 Bf6 19.Bxf6 Nxf6 20.Qxe6+ Nd7 21.Bd3 Kb8
22.b4 Nb6 23.Qe2 Rhe8 24.Qxe8 Rxe8 25.Rxe8+ Ka7 26.f5 gxf5 27.Rxf5 Nd5 28.a3 Qg7
29.Ree5 h6 30.Re1 c5 31.Bf1 Qc3 32.Rfe5 cxb4 33.axb4 Qxc2 34.R5e2 Qc3 35.b5 axb5
36.Ra2+ Kb6 37.Re6+ Bc6 38.h3 Nf4 39.Rxh6 Qe1 40.Rc2 Qxf1+ 41.Kh2 Ne2 42.Rhxc6+ Ka5
43.Ra2+ Kb4 44.Rb2+ Ka3  0-1

[Event "Open"]
[Site "Cappelle la Grande FRA"]
[Date "2003.02.26"]
[Round "6"]
[White "Sprenger,J"]
[Black "Hernandez,Gi"]
[Result "1/2-1/2"]
[WhiteElo "2431"]
[BlackElo "2542"]

1.e4 c5 2.Nf3 e6 3.d4 cxd4 4.Nxd4 Nc6 5.Nc3 Qc7 6.Be3 a6 7.Bd3 Nf6 8.O-O Ne5
9.h3 Bc5 10.f4 d6 11.Kh1 Ng6 12.Qe1 Bd7 13.f5 Ne5 14.Qg3 O-O 15.Nce2 exf5
16.Bh6 Nh5 17.Qg5 fxe4 18.Bxe4 g6 19.Bxf8 Rxf8 20.c3 Bc6 21.Nxc6 bxc6 22.Ng3 Qd8  1/2-1/2

[Event "6th Open"]
[Site "Malaga ESP"]
[Date "2003.02.26"]
[Round "6"]
[White "Amate Tortosa,B"]
[Black "Herrera,I"]
[Result "0-1"]
[WhiteElo "2251"]
[BlackElo "2439"]

1.e4 c5 2.Nf3 e6 3.d4 cxd4 4.Nxd4 Nc6 5.Nc3 Qc7 6.Nxc6 dxc6 7.Bd3 e5 8.O-O Bd6
9.Ne2 Nf6 10.b3 Be6 11.Bb2 h5 12.Qd2 O-O-O 13.Rad1 h4 14.Kh1 Bc5 15.Nc3 Bg4
16.Ra1 h3  0-1

[Event "4th ch-Asia"]
[Site "Doha QAT"]
[Date "2003.02.28"]
[Round "7"]
[White "Thipsay,P"]
[Black "Ganguly,S"]
[Result "1/2-1/2"]
[WhiteElo "2465"]
[BlackElo "2556"]

1.e4 c5 2.Nf3 e6 3.d4 cxd4 4.Nxd4 Nc6 5.Nc3 Qc7 6.Be2 a6 7.O-O Nf6 8.Be3 Bb4
9.Na4 Bd6 10.g3 b5 11.Nxc6 Qxc6 12.Nb6 Rb8 13.Nxc8 Rxc8 14.Bf3 e5 15.Bg5 Bc5
16.Qd3 O-O 17.c3 h6 18.Bxf6 Qxf6 19.Bd1 b4 20.cxb4 Bxb4 21.Bb3 Bc5 22.Bc4 a5
23.b3 Bd4 24.Rad1 Kh8 25.Kh1 Qe7 26.f4 f6 27.fxe5  1/2-1/2

[Event "X Anibal Open"]
[Site "Linares ESP"]
[Date "2003.02.28"]
[Round "1"]
[White "Delchev,A"]
[Black "Almagro Mazariegos,S"]
[Result "1-0"]
[WhiteElo "2583"]
[BlackElo "2294"]

1.e4 c5 2.Nf3 e6 3.Nc3 Nc6 4.d4 cxd4 5.Nxd4 a6 6.Nxc6 bxc6 7.Bd3 d5 8.O-O Nf6
9.Re1 d4 10.Nb1 e5 11.Nd2 Bb4 12.a3 Bxd2 13.Bxd2 O-O 14.b4 Nd7 15.c3 a5 16.cxd4 exd4
17.e5 Re8 18.f4 axb4 19.axb4 Rxa1 20.Qxa1 c5 21.Qa2 Qb6 22.Bc4 Re7 23.Bxf7+ Kh8
24.e6  1-0

[Event "10th Metalis Open"]
[Site "Bizovac CRO"]
[Date "2003.03.01"]
[Round "6"]
[White "Kristovic,M"]
[Black "Sargac,D"]
[Result "1-0"]
[WhiteElo "2330"]
[BlackElo "2211"]

1.e4 c5 2.Nf3 Nc6 3.Nc3 e6 4.d4 cxd4 5.Nxd4 Nf6 6.Nxc6 bxc6 7.Bd3 e5 8.O-O Bc5
9.Qe2 h6 10.Be3 Be7 11.f4 d6 12.h3 Qa5 13.a3 exf4 14.Rxf4 Be6 15.Raf1 Rb8
16.Bd2 Qe5 17.Nd1 Nh5 18.R4f3 Ng3 19.Rxg3 Qxg3 20.Bf4 Qh4 21.Qe3 Bg5 22.Qxa7 Rd8
23.Qe3 Bxf4 24.Rxf4 Qg5 25.Rf3 Qxe3+ 26.Rxe3 O-O 27.a4 Ra8 28.b3 Rfe8 29.Kf2 Kf8
30.Nc3 Reb8 31.Ke1 Ke7 32.Kd2 Kd7 33.Ne2 Ra5 34.Nd4 c5 35.Bb5+ Kc7 36.Nxe6+ fxe6
37.Rg3 Rg8 38.Rg6 Rxb5 39.axb5 Kd7 40.c4 Ke7 41.e5 dxe5 42.Kc3 Kf7 43.Rg3 Ra8
44.Rf3+ Ke7 45.Kb2 Rd8 46.Rg3 g5 47.b4 cxb4 48.Kb3 Rd4 49.Kxb4 e4 50.Rb3 Kd6
51.b6 Kc6 52.b7 Rd8 53.Ka5 Rb8 54.Ka6 e3 55.Rxe3 Re8 56.Ka7 Re7 57.Ka8  1-0

[Event "ch-Serbia w"]
[Site "Dimitrovgrad YUG"]
[Date "2003.03.01"]
[Round "2"]
[White "Stojanovic,Mari"]
[Black "Urosevic,M"]
[Result "1-0"]
[WhiteElo "2123"]
[BlackElo "2033"]

1.e4 c5 2.Nf3 e6 3.d4 cxd4 4.Nxd4 Nc6 5.Nc3 Qc7 6.Be2 a6 7.f4 b5 8.Be3 Bb7
9.Nxc6 Bxc6 10.Bf3 Qb7 11.Qd4 Rc8 12.a3 Ne7 13.Rd1 Ng6 14.O-O b4 15.axb4 Qxb4
16.f5 Qxd4 17.Bxd4 Ne7 18.fxe6 dxe6 19.Ra1 Bb7 20.Bh5 Ng6 21.Kh1 Bb4 22.Bxg7 Rg8
23.Ra4 a5 24.Bf6 Bc6 25.Raa1 Bxc3 26.Bxc3 Bxe4 27.Rxa5 Bxc2 28.Ra7 Bf5 29.g4 Be4+
30.Kg1 f5 31.Rxh7 Rd8 32.g5 Rd7 33.Rxd7 Kxd7 34.Bf6 e5 35.Ra1 Nf4 36.Ra7+ Kc6
37.Bf7 Nh3+ 38.Kf1 Rxg5 39.Bxg5 Nxg5 40.h4 Bd3+ 41.Kg2 Nxf7 42.Rxf7 Kd6 43.h5 Ke6
44.Ra7 f4 45.h6  1-0

[Event "X Anibal Open"]
[Site "Linares ESP"]
[Date "2003.03.01"]
[Round "2"]
[White "Arizmendi Martinez,J"]
[Black "Arbakov,V"]
[Result "1-0"]
[WhiteElo "2520"]
[BlackElo "2374"]

1.e4 c5 2.Nc3 Nc6 3.Nf3 e6 4.d4 cxd4 5.Nxd4 Qc7 6.Be3 a6 7.Qd2 Nf6 8.O-O-O Bb4
9.f3 O-O 10.g4 b5 11.g5 Nh5 12.a3 Be7 13.Nce2 Na5 14.Ng3 e5 15.Nxh5 exd4
16.Kb1 dxe3 17.Qd4 f6 18.gxf6 Bxf6 19.Nxf6+ Rxf6 20.Qd5+ Rf7 21.Qxa8 Nc6
22.a4 Rf8 23.axb5 Nb4 24.Rc1 Bb7 25.Qa7 axb5 26.Qxe3 d5 27.Qb3 Nc6 28.Qxd5+ Kh8
29.Bxb5 Ne5 30.Qb3 Nxf3 31.Rhd1 Bxe4 32.Qb4 Rf4 33.Qd6 Qxd6 34.Rxd6 h5 35.Be2 Ne5
36.Bxh5 Nc4 37.Rd8+ Kh7 38.Be2 Ne5 39.Re8 Rf2 40.Rxe5 Rxe2 41.Rxe4 Rxe4 42.c4  1-0

[Event "11th Fajr Open"]
[Site "Tehran IRI"]
[Date "2003.03.01"]
[Round "3"]
[White "Mallahi,A"]
[Black "Sadatnajafi,M"]
[Result "0-1"]
[WhiteElo "2395"]
[BlackElo "2220"]

1.e4 c5 2.Nf3 e6 3.d4 cxd4 4.Nxd4 Nc6 5.Nc3 Qc7 6.Be3 a6 7.Bd3 Nf6 8.O-O Bd6
9.h3 Bf4 10.Bxf4 Qxf4 11.Nde2 Qc7 12.f4 d6 13.Kh1 O-O 14.Qe1 b5 15.Qh4 b4
16.Nd1 Bb7 17.Ne3 Ne7 18.e5 Ne4 19.f5 Nxf5 20.Nxf5 exf5 21.Rxf5 g6 22.Rf6 d5
23.Bxe4 dxe4 24.Qf4 Rae8 25.Rf1 Qxe5 26.Rb6 Qe7 27.Nd4 f5 28.Qe3 Bd5 29.b3 Qe5
30.Ne2 Rc8 31.Rxa6 Rxc2 32.Ra5 Qb2 33.Nf4 Bf7 34.Qg3 Qc3 35.Qg5 e3 36.Rxf5 e2
37.Nxe2 Rxe2 38.R5f3 Qe5 39.Qg4 Re4 40.Qd7 Rd4 41.Qa7 Qd5 42.Qb6 Rd2 43.Qxb4 Rxa2
44.Qe7 Rb2 45.b4 Qd2 46.R1f2 Qxf2 47.Rxf2 Rxf2 48.Qe5 Re8 49.Qd4 Re1+ 50.Kh2 Ree2
51.Qd8+ Re8 52.Qd4 Ra2 53.b5 h6 54.b6 Ree2 55.b7 Rxg2+ 56.Kh1 Rgb2 57.Qd8+ Kh7  0-1

[Event "11th Fajr Open"]
[Site "Tehran IRI"]
[Date "2003.03.01"]
[Round "4"]
[White "Mahjoob,M"]
[Black "Sadatnajafi,M"]
[Result "1-0"]
[WhiteElo "2406"]
[BlackElo "2220"]

1.e4 c5 2.Nf3 e6 3.d4 cxd4 4.Nxd4 Nc6 5.Nc3 Qc7 6.Be3 a6 7.Bd3 Nf6 8.O-O Bd6
9.Nxc6 dxc6 10.f4 e5 11.f5 b5 12.a4 b4 13.Nb1 Bb7 14.a5 c5 15.Nd2 O-O 16.Qf3 Rfc8
17.Nc4 Re8 18.g4 Bf8 19.g5 Nd7 20.Qh5 Rad8 21.Rf3 Bd6 22.Nxd6 Qxd6 23.g6 hxg6
24.fxg6 fxg6 25.Qh4  1-0

[Event "X Anibal Open"]
[Site "Linares ESP"]
[Date "2003.03.02"]
[Round "3"]
[White "Yagupov,I"]
[Black "Pavlovic,Mi"]
[Result "1/2-1/2"]
[WhiteElo "2458"]
[BlackElo "2560"]

1.e4 c5 2.Nf3 e6 3.Nc3 Nc6 4.d4 cxd4 5.Nxd4 Nf6 6.Ndb5 d6 7.Bf4 e5 8.Bg5 a6
9.Na3 b5 10.Bxf6 gxf6 11.Nd5 f5 12.Bd3 Be6 13.O-O Bxd5 14.exd5 Ne7 15.c3 Bg7
16.Qh5 e4 17.Bc2 O-O 18.Rae1 Qc8 19.Bb3 Ng6 20.f4 exf3 21.Qxf3 f4 22.Nc2 Re8
23.Rxe8+ Qxe8 24.Re1 Qd7 25.Nb4 Re8 26.Rxe8+ Qxe8 27.Kf1 Ne5 28.Qe4 Qd7 29.Qxf4 a5
30.Nc6 a4 31.Bc2 Nxc6 32.dxc6 Qxc6 33.a3 Qd5 34.Qf5 Qxf5+ 35.Bxf5 Bh6  1/2-1/2

[Event "X Anibal Open"]
[Site "Linares ESP"]
[Date "2003.03.02"]
[Round "3"]
[White "Cheparinov,I"]
[Black "Kotronias,V"]
[Result "0-1"]
[WhiteElo "2478"]
[BlackElo "2573"]

1.e4 c5 2.Nf3 Nc6 3.d4 cxd4 4.Nxd4 e6 5.Nc3 a6 6.Be2 Qc7 7.O-O Nf6 8.Be3 Bb4
9.Na4 Be7 10.Nxc6 bxc6 11.Nb6 Rb8 12.Nxc8 Qxc8 13.Bd4 O-O 14.e5 Nd5 15.c4 Nf4
16.Bf3 Qc7 17.Re1 Ng6 18.g3 Bb4 19.Re4 c5 20.Be3 Nxe5 21.Rh4 f5 22.Bg2 d6
23.Qh5 g6 24.Qe2 Ba5 25.Re1 Nf7 26.Bc1 Rbe8 27.Rh3 Ne5 28.Rh4 Nf7 29.Rh3 Ne5
30.Rh4 h5 31.f4 Ng4 32.h3 Nf6 33.g4 Qe7 34.g5 Ne4 35.Bxe4 fxe4 36.Qxe4 Rf5
37.Qc6 Bc7 38.b4 cxb4 39.Bb2 Rd8 40.Qe4 Bb6+ 41.Kg2 Bc5 42.Re2 e5 43.Bc1 Qf7
44.Qd5 Qxd5+ 45.cxd5 exf4 46.Kf3 Be3 47.Bb2 Rxg5  0-1

[Event "Milovan Prvulj Mem"]
[Site "Pancevo YUG"]
[Date "2003.03.02"]
[Round "3"]
[White "Matovic,Radoj"]
[Black "Vratonjic,S"]
[Result "0-1"]
[WhiteElo "2182"]
[BlackElo "2435"]

1.e4 c5 2.Nf3 e6 3.d4 cxd4 4.Nxd4 Nc6 5.Nc3 Qc7 6.Nxc6 bxc6 7.Bd3 Nf6 8.Qe2 d5
9.Bg5 Rb8 10.Bxf6 gxf6 11.exd5 cxd5 12.O-O Be7 13.Bb5+ Kf8 14.Rab1 Qe5 15.Qd2 Bd6
16.Qh6+ Kg8 17.f4 Qd4+ 18.Kh1 Bf8 19.Qh4 Bg7 20.Rbd1 Qb4 21.Bd3 f5 22.Bxf5 Ba6
23.Bd3 Bxd3 24.Rxd3 h5 25.Rg3 Rh6 26.h3 Rg6 27.Rxg6 fxg6 28.Qg5 Kh7 29.Rf3 Qxb2
30.Qg3 Qxc2 31.f5 Rb1+ 32.Nxb1 Qxb1+ 33.Kh2 exf5 34.Rb3 Qe4 35.Qc7 Kh6 36.Qc1+ g5
37.Qc6+ Kh7 38.Rb7 Qe5+ 39.Kh1 g4 40.hxg4 hxg4 41.Qc7 Qa1+ 42.Kh2 Kh6 43.Qd6+ Bf6
44.Re7 Qd4 45.Re6 Kg5 46.Qf8 f4 47.Qg8+ Kf5 48.Re1 Qf2 49.Qh7+ Kg5 50.Re8 Qg3+
51.Kh1 Qh4+ 52.Qxh4+ Kxh4 53.Ra8 Kg3 54.Rxa7 Kf2 55.Rf7 Be5 56.Rf5 f3  0-1

[Event "11th Fajr Open"]
[Site "Tehran IRI"]
[Date "2003.03.03"]
[Round "7"]
[White "Khaghani,M"]
[Black "Ghorbani,M"]
[Result "1/2-1/2"]
[WhiteElo "2226"]
[BlackElo "2316"]

1.e4 c5 2.Nf3 e6 3.d4 cxd4 4.Nxd4 Nc6 5.Nc3 Qc7 6.Be3 a6 7.Be2 Nf6 8.O-O Bb4
9.Na4 Rb8 10.Nb6 Bd6 11.g3 Nxe4 12.Nxc6 Qxc6 13.Bf3 f5 14.Bxe4 fxe4 15.c4 O-O
16.c5 Bc7 17.Nc4 Rf5 18.Rc1 Qd5 19.Qe2 Rf8 20.Rfd1 Qf5 21.Qc2 h5 22.Rd4 b5
23.cxb6 Bxb6 24.Nd6 Qe5 25.Nc4 Qf5 26.Nd6 Qe5 27.Nc4 Qf5 28.Nxb6 Rxb6 29.Rc4 Rb8
30.Bc5 Bb7 31.Bxf8 Rxf8 32.Rc7 Bc6 33.Qd2 h4 34.R7xc6 dxc6 35.Rxc6 h3 36.Rc3 Qa5
37.a3 Rd8 38.Qc1 Qd5 39.Rc8 Rxc8 40.Qxc8+ Kh7 41.Qc2 Kh6 42.Qe2 g5 43.g4 Kg6
44.Qf1 Qb3 45.Qe2 Kf6 46.Qd2 Kg6 47.Qd8 Qxb2 48.Qg8+ Kh6 49.Qxe6+ Kg7 50.Qe7+ Kh6
51.Qe6+ Kg7 52.Qd7+ Kg6 53.Qc6+ Kg7  1/2-1/2

[Event "Spring Festival GM"]
[Site "Bucharest ROM"]
[Date "2003.03.04"]
[Round "2"]
[White "Vasiesiu,D"]
[Black "Nanu,C"]
[Result "1-0"]
[WhiteElo "2435"]
[BlackElo "2456"]

1.e4 c5 2.Nf3 e6 3.d4 cxd4 4.Nxd4 Nc6 5.Nc3 Qc7 6.f4 a6 7.Nxc6 Qxc6 8.Bd3 b5
9.Qe2 Bc5 10.Bd2 Rb8 11.e5 d5 12.exd6 Nf6 13.Ne4 Nxe4 14.Bxe4 Qxd6 15.O-O-O O-O
16.Rhf1 Qb6 17.Bc3 Bb7 18.Qg4 g6 19.Qh4 Bxe4 20.Qf6 e5 21.Qxe5 Be3+ 22.Kb1 Bxc2+
23.Kxc2 f6 24.Qd5+ Rf7 25.f5 Rc8 26.Kb1 b4 27.fxg6 hxg6 28.Bxf6 Qc5 29.Qxf7+  1-0

[Event "ch-Serbia w"]
[Site "Dimitrovgrad YUG"]
[Date "2003.03.04"]
[Round "5"]
[White "Stojanovic,Mari"]
[Black "Todorovic,V"]
[Result "0-1"]
[WhiteElo "2123"]
[BlackElo "2153"]

1.e4 c5 2.Nf3 e6 3.d4 cxd4 4.Nxd4 Nc6 5.Nc3 d6 6.Be2 Nf6 7.Be3 Be7 8.O-O O-O
9.f4 e5 10.Nb3 exf4 11.Bxf4 Be6 12.Kh1 Rc8 13.Nd4 Nxd4 14.Qxd4 a6 15.Rad1 Ne8
16.Rd2 Qa5 17.Qa4 Qb6 18.Nd1 Nf6 19.c3 d5 20.Nf2 Rfd8 21.e5 Nd7 22.Qd1 Bc5
23.Bf3 Be3 24.Bxe3 Qxe3 25.Re1 Qg5 26.Qe2 Nf8 27.Rd4 Ng6 28.Nd3 Rc4 29.Qf2 Nh4
30.Nf4 Rxd4 31.Qxd4 Nxf3 32.gxf3 h6 33.Rd1 Qf5 34.c4 g5 35.Nxd5 Qxf3+ 36.Kg1 Bxd5
37.cxd5 Rc8 38.Rf1 Qe2 39.Rf2 Rc1+ 40.Kg2 Qe1 41.Qd2 Qh1+ 42.Kg3 Rd1 43.Qe2 Qxd5  0-1

[Event "Victor Ciocaltea Mem"]
[Site "Bucharest ROM"]
[Date "2003.03.05"]
[Round "2"]
[White "Iordachescu,V"]
[Black "Furtuna,A"]
[Result "1-0"]
[WhiteElo "2550"]
[BlackElo "2415"]

1.e4 c5 2.Nf3 e6 3.d4 cxd4 4.Nxd4 Nc6 5.Nc3 a6 6.Be2 Qc7 7.O-O Nf6 8.Be3 Be7
9.f4 d6 10.Kh1 O-O 11.a4 Re8 12.Bd3 Nb4 13.a5 Bd7 14.Qe1 Bc6 15.Qg3 Nd7 16.Nf3 Bf6
17.Bd4 Bxd4 18.Nxd4 Nxd3 19.cxd3 Kh8 20.Qh4 Qd8 21.Qh3 Rc8 22.g4 Nf8 23.g5 Kg8
24.Qg3 b6 25.f5 exf5 26.Rxf5 Re5 27.axb6 Qxb6 28.Nxc6 Rxc6 29.Qg2 Ng6 30.Raf1 Qe3
31.Rxf7 Rxg5 32.Nd5 Rxd5 33.exd5  1-0

[Event "ch-Serbia"]
[Site "Dimitrovgrad YUG"]
[Date "2003.03.05"]
[Round "6"]
[White "Zivkovic,Mo"]
[Black "Irizanin,R"]
[Result "0-1"]
[WhiteElo "2089"]
[BlackElo "2125"]

1.e4 c5 2.Nf3 Nc6 3.d4 cxd4 4.Nxd4 e6 5.Nc3 Qc7 6.Be2 a6 7.a4 Nf6 8.O-O Nxd4
9.Qxd4 Bc5 10.Qd3 h5 11.Qg3 Qxg3 12.hxg3 d6 13.Bg5 Bd7 14.Bf3 Bc6 15.a5 Bd4
16.Rad1 Be5 17.Rd2 Nd7 18.Rfd1 f6 19.Be3 Ke7 20.Bd4 g5 21.b4 h4 22.gxh4 gxh4
23.Bxe5 Nxe5 24.Rxd6 h3 25.Ne2 hxg2 26.Bxg2 Rag8 27.Ng3 Bd5 28.Rb6 Bc6 29.Rd4 Nd7
30.Rxd7+ Kxd7 31.c4 Kc7 32.b5 axb5 33.cxb5 Bd7 34.e5 Bc8 35.exf6 Rd8 36.Bf3 Rd3
37.Kg2 Ra3 38.Ne4 Rg8+ 39.Kf1 Rxf3 40.Rd6 Rf4 41.b6+ Kb8 42.f3 Rxf3+ 43.Ke1 Rf5  0-1

[Event "X Anibal Open"]
[Site "Linares ESP"]
[Date "2003.03.05"]
[Round "6"]
[White "Rizouk,A"]
[Black "Teran Alvarez,I"]
[Result "1-0"]
[WhiteElo "2519"]
[BlackElo "2404"]

1.e4 c5 2.Nf3 e6 3.d4 cxd4 4.Nxd4 Nc6 5.Nc3 Qc7 6.Be3 a6 7.Qd2 b5 8.O-O-O Nxd4
9.Bxd4 Ne7 10.Be3 Ng6 11.Kb1 Bb7 12.h4 Ne5 13.Bf4 f6 14.f3 Rc8 15.Ne2 Bc5
16.Nc1 O-O 17.h5 d5 18.exd5 Bxd5 19.h6 g6 20.Nd3 Be3 21.Bxe5 fxe5 22.Qe2 Qc4
23.Nb4 Qxb4 24.Qxe3 e4 25.Be2 Rfd8 26.Qa7 Qf8 27.fxe4 Bxe4 28.Rde1 Bxc2+
29.Ka1 Bf5 30.g4 Ra8 31.Qe3 Qf6 32.gxf5 exf5 33.Bf3 Rac8 34.Rc1 g5 35.Rxc8 Rxc8
36.a3 Kf8 37.Re1 a5 38.Bb7 Rd8 39.Bc6 b4 40.Bd5 bxa3 41.Qxa3+ Qd6 42.Re5 Qxa3+
43.bxa3 Rd6 44.Rxf5+ Ke7 45.Rxg5 Rf6 46.Rh5 Rg6 47.Bf3 a4 48.Rh2 Rg5 49.Be4 Rc5
50.Kb2 Rc7 51.Bc2  1-0

[Event "Milovan Prvulj Mem"]
[Site "Pancevo YUG"]
[Date "2003.03.05"]
[Round "7"]
[White "Matovic,Radoj"]
[Black "Andrijevic,M"]
[Result "0-1"]
[WhiteElo "2182"]
[BlackElo "2400"]

1.e4 c5 2.Nf3 Nc6 3.d4 cxd4 4.Nxd4 e6 5.Nc3 Qc7 6.Be3 a6 7.Nxc6 bxc6 8.Bd3 Nf6
9.O-O Be7 10.f4 d5 11.e5 Nd7 12.Na4 c5 13.c4 d4 14.Bd2 Bb7 15.b3 h5 16.Qe2 Qc6
17.Rae1 g6 18.Ba5 Kf8 19.Nb2 Bh4 20.Be4 Qxe4 21.Qxe4 Bxe4 22.Rxe4 Bd8 23.Bd2 a5
24.Na4 Kg7 25.Kf2 Be7 26.Ke2 Rhb8 27.Kd3 Nb6 28.Nxb6 Rxb6 29.Rb1 a4 30.Kc2 h4
31.Ree1 axb3+ 32.axb3 Ra2+ 33.Rb2 Rxb2+ 34.Kxb2 Ra6 35.Ra1 Rxa1 36.Kxa1 g5
37.g4 hxg3 38.hxg3 Kg6 39.fxg5 Kf5 40.Bf4 Ke4 41.Kb2 Kd3 42.Bc1 Bd8 43.Bf4 Ba5
44.Kc1 Ke2  0-1

[Event "Edda Rapid"]
[Site "Reykjavic ISL"]
[Date "2003.03.05"]
[Round "8"]
[White "Adams,Mi"]
[Black "Hjartarson,J"]
[Result "1-0"]
[WhiteElo "2734"]
[BlackElo "2634"]

1.e4 c5 2.Nf3 e6 3.d4 cxd4 4.Nxd4 Nc6 5.Nc3 Qc7 6.g3 a6 7.Bg2 d6 8.O-O Bd7
9.Re1 Be7 10.Nxc6 bxc6 11.Na4 c5 12.e5 Bc6 13.exd6 Bxd6 14.Qg4 Kf8 15.Bxc6 Qxc6
16.Qe4 Qxe4 17.Rxe4 Nf6 18.Rc4 Nd7 19.Be3 Ke7 20.Nxc5 Rac8 21.b4 Bxc5 22.bxc5 Rc6
23.Rb1 Rhc8 24.Rb7 Ke8 25.Rg4 g6 26.Rh4 h5 27.Rf4 g5 28.Ra4 Nxc5 29.Bxc5 Rxc5
30.Rxa6 R8c7 31.Rb8+ Ke7 32.Rh8 g4 33.Ra4 Kf6 34.Rg8 Rxc2 35.Rf4+ Ke5 36.Rg5+ f5
37.Rxh5  1-0

[Event "X Anibal Open"]
[Site "Linares ESP"]
[Date "2003.03.06"]
[Round "7"]
[White "Delchev,A"]
[Black "Korobov,A"]
[Result "0-1"]
[WhiteElo "2583"]
[BlackElo "2509"]

1.e4 c5 2.Nf3 Nc6 3.Nc3 e6 4.d4 cxd4 5.Nxd4 d6 6.Be2 Nf6 7.O-O Be7 8.Kh1 O-O
9.f4 a6 10.a4 Qc7 11.Be3 Bd7 12.Nb3 Nb4 13.a5 Rac8 14.Bf3 e5 15.Rf2 Be6 16.Ra4 Bxb3
17.Rxb4 Bc4 18.Ra4 exf4 19.Bxf4 b5 20.Ra1 b4 21.Na4 Qxa5 22.Be3 Qe5 23.Nb6 Nxe4
24.Bxe4 Qxe4 25.Nxc8 Rxc8 26.Qd4 Qxd4 27.Bxd4 f6 28.Kg1 d5 29.Rd2 Bd6 30.Kf2 Kf7
31.g3 h5 32.h4 Re8 33.Kf3 Re4 34.b3 Bb5 35.Bf2 Be5 36.Rad1 Bc6 37.Bd4 Bd6
38.Rd3 f5 39.Kf2 Rg4 40.Rf3 g6 41.Rd2 Ke6 42.Re3+ Kd7 43.Be5 Bc5 44.Bf4 g5
45.Bxg5 Re4 46.Ke2 Bxe3 47.Bxe3 a5 48.Rd4 Re8 49.Kd2 Ke6 50.Bf4 Bb5 51.Bc7 Ra8
52.Rf4 Ra7 53.Bb6 Ra6 54.Bd4 Bd7 55.Rf1 Kd6 56.Ra1 Kc6 57.Re1 a4 58.bxa4 Rxa4
59.Be5 Kc5 60.Rf1 Ra2 61.Ra1 Ra3 62.c3 Kc4 63.Rxa3 bxa3 64.Kc2 f4 65.gxf4 Bf5+
66.Kc1 Kb3 67.Kd2 Kc4 68.Kc1 Bd3 69.Bf6 Kb3 70.Bg7 Bf5 71.Bh8 a2 72.c4 Kxc4
73.Ba1 d4 74.Kd2 Kd5 75.Bb2 Ke4 76.Ba1 d3 77.Be5 Bg6 78.Ba1 Kxf4 79.Bb2 Kg4
80.Bf6 a1=Q 81.Bxa1 Kxh4 82.Ke3 Kg4 83.Bc3 h4 84.Ba5 Kg3 85.Be1+ Kh3 86.Kf3 Be4+
87.Ke3 Kg4 88.Bb4 Kf5 89.Be7 h3 90.Bd6 Ke6 91.Bh2 Kd5 92.Bb8 Kc4 93.Bf4 Kc3  0-1